Aerosol microphysics II : chemical physics of microparticles /

Bibliographic Details
Other Authors: Marlow, W. H. (William H.), Baltes, Heinrich P.
Format: Book
Language:English
Published: Berlin ; New York : Springer-Verlag, 1982.
Series:Topics in current physics ; 29.
Subjects:

MARC

Tag First Indicator Second Indicator Subfields
LEADER 00000cam a22000008a 4500
001 in00000090646
005 20151008065731.0
008 820209s1982 wb b 00100 eng
010 |a  82000830  
020 |a 0387114009 (U.S.) 
035 |a (OCoLC)08219078 
035 |9 AAK6483AM 
039 0 |a 2  |b 3  |c 3  |d 3  |e 3 
040 |a DLC  |c DLC  |d TXA  |d UtOrBLW 
049 |a TXAM  |c [1806036] 
050 0 0 |a QC882  |b  A352 
082 0 |a 541.3/4515  |2 19 
245 0 0 |a Aerosol microphysics II :  |b chemical physics of microparticles /  |c edited by W.H. Marlow ; with contributions by H.P. Baltes [and others]. 
263 |a 8206 
264 1 |a Berlin ;  |a New York :  |b Springer-Verlag,  |c 1982. 
300 |a x, 189 pages :  |b illustrations ;  |c 25 cm. 
336 |a text  |b txt  |2 rdacontent 
337 |a unmediated  |b n  |2 rdamedia 
338 |a volume  |b nc  |2 rdacarrier 
490 1 |a Topics in current physics ;  |v 29 
504 |a Includes bibliographical references and index. 
650 0 |a Aerosols. 
650 0 |a Particles. 
700 1 |a Marlow, W. H.  |q (William H.) 
700 1 |a Baltes, Heinrich P. 
830 0 |a Topics in current physics ;  |v 29. 
999 |a MARS 
999 f f |s bf4bab8a-d46e-3f76-98c7-8174cfc15116  |i 866b6552-6b12-33ad-89d9-5d651c7aa0e2  |t 0 
952 f f |p ric  |a Texas A&M University  |b Rellis Campus  |c Joint Library Facility  |d Remote Storage  |t 0  |e QC882 A352  |h Library of Congress classification  |i unmediated -- volume  |m A14806001467 
998 f f |a QC882 A352  |t 0  |l Remote Storage